Tahun "vivere pericoloso"; (Record no. 63237)

MARC details
000 -LEADER
fixed length control field 00574cam a22002171 4500
001 - CONTROL NUMBER
control field sa 65003594
003 - CONTROL NUMBER IDENTIFIER
control field DLC
005 - DATE AND TIME OF LATEST TRANSACTION
control field 20260227112124.0
008 - FIXED-LENGTH DATA ELEMENTS--GENERAL INFORMATION
fixed length control field 951215s1964 io 000 0 ind
010 ## - LIBRARY OF CONGRESS CONTROL NUMBER
LC control number sa 65003594
015 ## - NATIONAL BIBLIOGRAPHY NUMBER
National bibliography number PL480:Indo-1537
035 ## - SYSTEM CONTROL NUMBER
System control number (OCoLC)33928588
040 ## - CATALOGING SOURCE
Original cataloging agency DLC
Transcribing agency WU
Modifying agency DLC
042 ## - AUTHENTICATION CODE
Authentication code premarc
043 ## - GEOGRAPHIC AREA CODE
Geographic area code a-io---
050 00 - LIBRARY OF CONGRESS CALL NUMBER
Classification number DS644
Item number .2 1964.S8824
100 0# - MAIN ENTRY--PERSONAL NAME
Personal name Soekarno,
Dates associated with a name 1901-1970.
245 10 - TITLE STATEMENT
Title Tahun "vivere pericoloso";
Remainder of title pidato 17 Agustus 1964.
260 ## - PUBLICATION, DISTRIBUTION, ETC.
Place of publication, distribution, etc. Djakarta,
Name of publisher, distributor, etc. Jajasan Pembaruan,
Date of publication, distribution, etc. 1964.
300 ## - PHYSICAL DESCRIPTION
Extent 37 p.
Dimensions 21 cm.

No items available.

Powered by Koha